000 00334nam a2200133Ia 4500
008 240624s9999 xx 000 0 und d
041 _aeng
082 _a658.3 PRA
100 _aPRASAD BVS
245 _aHR METRICS AN INTRODUCTION
260 _c2007
_aHyderabad
_bICFAI press
300 _aviii, , 271 , 25 : p. : cm.
365 _cRS
_b20
999 _c7324
_d7324